Powiaty w Wielkopolskim - Statystyki

Ogólne statystyki
  • Ten quiz został rozwiązany 50 razy
    41 od ostatniego zresetowania
  • Średni wynik to 19 z 33
Statystyki odpowiedzi
Powiaty % Poprawnych
Poznań
87%
Konin
79%
pilski
79%
poznański
79%
kaliski
76%
Kalisz
76%
koniński
71%
ostrowski
71%
jarociński
66%
kolski
66%
Leszno
66%
leszczyński
63%
gnieźnieński
58%
krotoszyński
58%
złotowski
58%
międzychodzki
55%
nowotomyski
55%
średzki
55%
szamotulski
55%
obornicki
53%
wrzesiński
53%
czarnkowsko-trzcianecki
50%
śremski
50%
turecki
50%
wągrowiecki
50%
grodziski
47%
kępiński
47%
kościański
47%
ostrzeszowski
47%
wolsztyński
47%
gostyński
45%
rawicki
42%
słupecki
42%
Nie znaleziono quizów pasujących do podanych kryteriów
Rozkład punktacji
Procent ludzi z każdym wynikiem
Percentyl według liczby udzielonych odpowiedzi
Twoja historia wyników
Nie rozwiązałeś tego quizu od ostatniego zresetowania